| 000 | 00612nam a22001697a 4500 | ||
|---|---|---|---|
| 999 |
_c14991 _d14991 |
||
| 008 | 200204b ||||| |||| 00| 0 eng d | ||
| 082 |
_22014 _aUT 1435 _bL78 |
||
| 100 |
_aLo, Sharmaine A. _941612 |
||
| 245 |
_aUMBN Online News Archival System (ONAS) _cSharmaine A. Lo, Jerfield Eric B. Cataluna, & Fe Velila |
||
| 260 |
_aDigos City _bUMDC _cMarch 2014 |
||
| 300 |
_a73 pages _c30 cm |
||
| 650 |
_aTechnical Education _vInformation Technology _xUndergraduate Thesis _941335 |
||
| 700 |
_aLo, Sharmaine A. _941613 |
||
| 700 |
_aCataluna, Jerfield Eric B. _941614 |
||
| 700 |
_aVelila, Fe _941615 |
||
| 942 |
_2ddc _cUT |
||